Animals Which Have Preyed on Humans - Statistics

General Stats
  • This quiz has been taken 25 times
  • The average score is 19 of 44
Answer Stats
Hint Answer % Correct
Large species of bear native to Eurasia, North America and historically North Africa. Brown Bear/Grizzly Bear
100%
spotted feline native to the New World Jaguar
100%
Maned feline currently extant in sub-saharan Africa and India Lion
100%
Massive bear species found in the high Arctic Polar Bear
100%
Striped feline found in Asia Tiger
100%
Massive shark with worldwide distribution Great White Shark
88%
midsized spotted feline native to the Old World from Russia to South Africa Leopard
88%
Massive snake native to South America Green Anaconda
79%
Tawny feline native to the New World Mountain Lion
79%
Massive lizard species native to Indonesia Komodo Dragon
75%
Crocodillian native to Southeastern US American Alligator
71%
midsized bear species found across North America American Black Bear
63%
midsized bear species found in south and east asia Asian Black Bear
63%
Crocodillian native to South Asia, Southeast Asia and northern Australia Saltwater Crocodile
63%
Large shark with faint striping on body, worldwide distribution Tiger Shark
63%
Ape species native to central and western Africa Chimpanzee
58%
Midsized canid found in North America Coyote
58%
Large canid found in Eurasia and North America Gray Wolf
58%
Massive snake native to SE Asia Reticulated Python
58%
Crocodilian widespread across Africa Nile Crocodile
54%
large hyena species native to subsaharan Africa Spotted Hyena
54%
Midsized shark with worldwide distribution, tolerant of freshwater and can be found far up large rivers Bull Shark
42%
long haired bear native to indian subcontinent Sloth Bear
42%
Crocodillian native to Central America, Caribbean, Northern South America American Crocodile
33%
Hyena species native to northern Africa and west/south Asia Striped Hyena
29%
Large snake native to SE Asia-widely used in pet trade and invasive elsewhere Burmese Python
25%
midsized canid found in South Asia, the Middle East and the Balkans Golden Jackal
21%
Crocodillian native to Amazon basin Black Caiman
17%
Midsized shark specializing in open ocean conditions, rarely seen near shore Oceanic Whitetip Shark
17%
Small fish native to South America infamous for swarming behavior Red Bellied Pirahna
17%
Midsized shark best known for its popularity as a game fish Shortfin Mako
17%
Fairly common, small shark found worldwide Blue Shark
13%
Crocodilian native to Indian Subcontinent Mugger Crocodile
13%
Crocodillian native to island in Greater Antilles Cuban Crocodile
8%
Crocodillian native to SE Asia, Borneo, and Sumatra False Gharial
8%
Crocodillian native to northern South America Orinoco Crocodile
8%
Crocodillian native to Sahel-Sahara regions of Africa West African Crocodile
8%
Large snake native to New Guinea and historically Australia Amethystine Python
4%
Midsized-small shark found worldwide in shallow tropical and subtropical waters Blacktip Shark
4%
Large eagle species native to Subsaharan Africa Crowned Eagle
4%
Massive catfish native to tropical South America Piraiba
4%
Midsized shark found worldwide in the tropics, primarily around rocky islands Galapagos Shark
0%
Crocodillian native to Mexico and adjacent areas of Guatemala and Belize Morolet's Crocodile
0%
Large snake found in Africa West African Python
0%
No matching quizzes found
Score Distribution
Percent of People with Each Score
Percentile by Number Answered
Your Score History
You have not taken this quiz